000 00794nab a2200241 u 4500
001 16265
003 HDC
007 cr bn ---aaaaa
008 210220c2012 xx dr|noo 0 a eng d
040 _aHDC
245 0 _aSouth Africa: IHRP Report on Muslim Judicial Council
260 _a[No place] :
_b[publisher not identified],
_c2012
336 _atext
_2rdacontent
337 _acomputer
_2rdamedia
338 _aonline resource
_2rdacarrier
650 _ahalal industry
_9144
650 _aMeat and Poultry
_916099
710 _aVoice of the Cape
856 _zRequest full-text at [email protected]
942 _2lcc
942 _cNEWS
942 _kNWSO 005669
999 _c13581
_d13581